| 000 | 01222nas1a22002651i 4500 | ||
|---|---|---|---|
| 001 | RU\NLR\INFOCOMM9\5000117585 | ||
| 005 | 20240723083052.0 | ||
| 035 | _a(NLR Aleph) 002285024 | ||
| 090 |
_a4078539 _c4078539 |
||
| 100 | _a20051011a20029999|||y0rusy50 ca | ||
| 101 | 0 | _arus | |
| 102 | _aRU | ||
| 110 | _azyuzz 0|y| | ||
| 200 | 1 |
_aОредеж _eЛит.-краевед. альм. |
|
| 210 |
_aСПб. _cЛига Плюс _d2002 - |
||
| 801 | 1 |
_aRU _bInfoComm _c20051011 |
|
| 801 | 0 |
_aRU _bNLR _gPSBO |
|
| 801 | 2 |
_aRU _bNLR _c20071211 _2rusmarc |
|
| 852 |
_aNLR _jП35/836 |
||
| 942 | _cSE | ||
| 980 | _aRUSPER | ||